Vývoj cien 5 ročných swapov kreditného zlyhania Írska a Grécka v rokoch 2009 - 2011
Vymedzenie pojem swap kreditného zlyhania (CDS) a komparácia CDS s produktom poistenia. Vývoj cien 5 ročných CDS vybraných krajín PIIGS v rokoch 2009-2011.
Guardado en:
| Autor principal: | |
|---|---|
| Formato: | Capítulo de libro |
| Lenguaje: | eslovaco |
| Materias: | |
| Etiquetas: |
Sin Etiquetas, Sea el primero en etiquetar este registro!
|
MARC
| LEADER | 00000naa a2200000 4500 | ||
|---|---|---|---|
| 001 | 0143498 | ||
| 005 | 20221019105252.8 | ||
| 041 | 0 | |a slo | |
| 044 | |a SK | ||
| 245 | 1 | 0 | |a Vývoj cien 5 ročných swapov kreditného zlyhania Írska a Grécka v rokoch 2009 - 2011 |c Ľubomír Pinter |
| 520 | |a Vymedzenie pojem swap kreditného zlyhania (CDS) a komparácia CDS s produktom poistenia. Vývoj cien 5 ročných CDS vybraných krajín PIIGS v rokoch 2009-2011. | ||
| 610 | 2 | 0 | |a Grécko |
| 610 | 2 | 0 | |a Írsko |
| 610 | 2 | 0 | |a zadlženosť |
| 610 | 2 | 0 | |a investície |
| 610 | 2 | 0 | |a banky |
| 610 | 2 | 0 | |a Medzinárodný menový fond |
| 610 | 2 | 0 | |a trh finančný |
| 610 | 2 | 0 | |a nástroje finančné |
| 610 | 2 | 0 | |a deriváty |
| 610 | 2 | 0 | |a dlhopisy štátne |
| 610 | 2 | 0 | |a swap |
| 610 | 2 | 0 | |a operácie bankové |
| 100 | 1 | |a Pintér, Ľubomír | |